Statistiques concernant Top 15 des dictateurs restés le plus longtemps au pouvoir

Cliquez ici pour prendre le quiz!

Statistiques générales

  • Ce quiz a été pris 193 fois
  • Le résultat moyen est 3 sur 15

Statistiques - réponses

HintRéponse% Correct
49 ans ( Cuba )Fidel Castro
88%
36 ans ( Espagne )Francisco Franco
54%
46 ans (Corée du Nord )Kim Il-sung
48%
42 ans ( Libye )Mouammar Kadhafi
32%
29 ans ( Zimbabwe )Robert Mugabe
22%
42 ans ( Gabon )Omar Bongo
17%
36 ans ( Cameroun )Paul Biya
16%
30 ans ( Egypte )Hosni Moubarak
15%
32 ans ( RDC )Mobutu Sese Seko
12%
33 ans ( Swaziland )Mswati III
6%
52 ans ( Brunei )Hassanal Bolkiah
5%
30 ans ( Iran )Ali Khamenei
4%
38 ans ( Togo )Gnassingbé Eyadema
4%
40 ans ( Guinée Equatoriale )Teodoro Obiang Nguema Mbasogo
4%
33 ans ( Ouganda )Yoweri Museveni
1%

Distribution des résultats

Percentile par nombre de réponses

% des personnes avec chaque résultat

Votre développement - résultats

Vous n’avez pas pris ce quiz